000 01267nam a22003734a 4500
999 _c66135
_d66135
003 BJBSDDR
005 20230410123657.0
007 ta
008 980811s1997 sp a b 000 0 spa
020 _a8430930140
020 _a9788430930142
035 _a(OCoLC)37833700
040 _aDLC
_cDLC
_bspa
041 _aspa
042 _apcc
043 _ae------
045 _ax8x9
050 1 4 _aKZ 5930
_bC257c 1997
100 1 _aCaracuel Raya, María Angustias
245 1 4 _aLos cambios de la OTAN tras el fin de la guerra fría /
_cMaría Angustias Caracuel Raya.
260 _aMadrid :
_bTecnos,
_cc1997.
300 _a275 páginas :
_bilustraciones ;
_c24 cm.
440 0 _aColección Estado y sociedad
504 _aIncluye referencias bibliográficas (p. 254-275).
610 2 0 _aNorth Atlantic Treaty Organization (NATO)
610 2 4 _aOrganización del Tratado del Atlántico Norte (OTAN)
650 0 _aSecurity, International.
650 4 _aSeguridad internacional
_9428
651 0 _aEurope
_xForeign relations
_y1989-
651 4 _aEuropa
_xRelaciones exteriores
_y1989-
_93049
906 _a7
_bcbc
_corignew
_d2
_encip
_f19
_gy-gencatlg
942 _2lcc
_cBK